Catálogo - Centro de Recursos para el Aprendizaje y la Investigación
Volver al Sitio - CRAI Biblioteca| 000 -CABECERA | |
|---|---|
| campo de control de longitud fija | 02114nam a2200241 a 4500 |
| 001 - NÚMERO DE CONTROL | |
| campo de control | 113299 |
| 003 - IDENTIFICADOR DEL NÚMERO DE CONTROL | |
| campo de control | DR-UNIBE |
| 005 - FECHA Y HORA DE LA ÚLTIMA TRANSACCIÓN | |
| campo de control | 20250307101110.0 |
| 008 - DATOS DE LONGITUD FIJA--INFORMACIÓN GENERAL | |
| campo de control de longitud fija | 250307s2013 mx l s 00001spa |
| 020 ## - NÚMERO INTERNACIONAL ESTÁNDAR DEL LIBRO | |
| Número Internacional Estándar del Libro | 9786071508454 |
| 040 ## - FUENTE DE LA CATALOGACIÓN | |
| Centro catalogador/agencia de origen | BIBLIOTECA UNIBE |
| Centro/agencia transcriptor | BIBLIOTECA UNIBE |
| Normas de descripción | rda |
| 041 ## - CÓDIGO DE LENGUA | |
| Código de lengua del texto/banda sonora o título independiente | spa |
| 082 ## - NÚMERO DE LA CLASIFICACIÓN DECIMAL DEWEY | |
| Número de clasificación | 657.48 R173c 2013 |
| 100 ## - ENTRADA PRINCIPAL--NOMBRE DE PERSONA | |
| Nombre de persona | Ramírez Padilla, David Noel |
| Término indicativo de función/relación | autor |
| 9 (RLIN) | 15999 |
| 245 #0 - MENCIÓN DE TÍTULO | |
| Título | Contabilidad administrativa : |
| Resto del título | un enfoque estratégico para la competitividad |
| 250 ## - MENCIÓN DE EDICIÓN | |
| Mención de edición | Novena edición |
| 260 ## - PUBLICACIÓN, DISTRIBUCIÓN, ETC. | |
| Lugar de publicación, distribución, etc. | México : |
| Nombre del editor, distribuidor, etc. | McGraw-Hill Interamericana, |
| Fecha de publicación, distribución, etc. | 2013 |
| 300 ## - DESCRIPCIÓN FÍSICA | |
| Extensión | 582 páginas : |
| Otras características físicas | ilustraciones |
| 505 ## - NOTA DE CONTENIDO CON FORMATO | |
| Nota de contenido con formato | Capítulo 1. El Papel De La Contabilidad Administrativa En Las Organizaciones |<br/>Capítulo 2. Conceptos, Clasificaciones Y Comportamiento De Los Costos |<br/>Capítulo 3. Sistemas De Información Administrativa Contemporáneos |<br/>Capítulo 4. Filosofías Administrativas Contemporáneas |<br/>Capítulo 5. El Modelo O Relación Costo-Volumen-Utilidad |<br/>Capítulo 6. Sistema De Costeo |<br/>Capítulo 7. Planeación Y Presupuesto Maestro |<br/>Capítulo 8. El Papel De La Información Administrativa En La Toma De Decisiones A Corto Plazo |<br/>Capítulo 9. Papel De La Información Financiera En La Evaluación De Proyectos De Inversión |<br/>Capítulo 10. Sistemas De Control Administrativo |<br/>Capítulo 11. Descentralización Y Evaluación Del Desempeño |<br/>Capítulo 12. Empresas De Servicios |<br/>Capítulo 13. Contabilidad Estratégica |<br/>Capítulo 14. Responsabilidad Social De La Empresa |<br/> |
| 520 ## - SUMARIO, ETC. | |
| Sumario, etc. | En esta edición, hemos enriquecido los diferentes capítulos tanto en contenido, como en el estilo de presentar la información de tal manera que facilite el aprendizaje de los estudiantes. Conservamos la organización del contenido en cinco secciones, porque ello facilita a los docentes y estudiantes el aprendizaje de las áreas que incluyen esta disciplina; en estas secciones agrupamos las diferentes técnicas y herramientas que ofrecen cada una de las áreas que integran este campo de la contabilidad administrativa. |
| 650 #7 - PUNTO DE ACCESO ADICIONAL DE MATERIA--TÉRMINO DE MATERIA | |
| Término de materia o nombre geográfico como elemento de entrada | Contabilidad |
| Fuente del encabezamiento o término | lemb |
| 942 ## - ELEMENTOS DE PUNTO DE ACCESO ADICIONAL (KOHA) | |
| Fuente del sistema de clasificación o colocación | Sistema de Clasificación Decimal Dewey |
| Tipo de ítem Koha | Libro (general) |
| Estado de retiro | Estado de pérdida | Fuente del sistema de clasificación o colocación | No para préstamo | Código de colección | Localización permanente | Fecha de adquisición | Total de préstamos | Signatura topográfica completa | Código de barras | Fecha visto por última vez | Número de copia | Precio válido a partir de | Tipo de ítem Koha |
|---|---|---|---|---|---|---|---|---|---|---|---|---|---|
| Disponible | Sistema de Clasificación Decimal Dewey | General | Biblioteca Central UNIBE | 07/03/2025 | 657.48 R173c 2013 | 250152 | 07/03/2025 | Ej. 1 | 07/03/2025 | Libro (general) |